Central Library OPAC University of Rajshahi
Normal view MARC view

Entry Corporate Name

Number of records used in: 1

001 - CONTROL NUMBER

  • control field: 16955

003 - CONTROL NUMBER IDENTIFIER

  • control field: BD-RjUL

005 - DATE AND TIME OF LATEST TRANSACTION

  • control field: 20250925125222.0

008 - FIXED-LENGTH DATA ELEMENTS

  • fixed length control field: 250925|| aca||aabn | a|a d

040 ## - CATALOGING SOURCE

  • Original cataloging agency: BD-RjUL
  • Transcribing agency: BD-RjUL

110 ## - HEADING--CORPORATE NAME

  • Corporate name or jurisdiction name as entry element: Economic Development Institute (Washington, D.C.)

670 ## - SOURCE DATA FOUND

  • Source citation: Work cat.: (BD-RjUL)85750: Sivaramakrishnan, K. C. (Kallidaikurichi Chidambarakrishnan), 1935-2015. 16949, Metropolitan management :, 1986.